000 03814cam a22004814i 4500
003 PE-LiUPU
005 20250731173354.0
008 150706s r 000 0 d
020 _a9780802828262
035 _a(Sirsi) i9780802828262
040 _aPE-LiUPU
_bspa
_cPE-LiUPU
_erda
049 _aPRUA
082 0 4 _a220.48715
_bP78W
_221
100 1 _aPorter, Stanley E. ,
_eautor.
245 1 0 _aFundamentals of New Testament greek :
_bworkbook /
_cStanley E. Porter, Jeffrey T. Reed.
264 1 _aGrand Rapids, Mich. :
_b W.B. Eerdmans Pub. Co.,
_c2010.
300 _a260 páginas ;
_c28 centímetros
336 _atext
_2rdacontent
337 _aunmediated
_2rdamedia
338 _avolume
_2rdacarrier
505 0 _aAlphabet, Accents, and Punctuation -- Nouns (Second Declension); Adjectives (First and Second Declension) -- The article; Verbless clauses -- Introduction to the verb: first aorist active indicative and infinitive; negation -- Nouns (first declension); relative pronouns -- Second. Aorist Active Indicative and Infinitive; Imperfect Active Indicative -- Nouns (Third Declension) and Adjectives (Various Declension Patterns); the Verb -- Present and Future Active Indicative and Infinitive; Contract Verbs in -- Pronouns: Intensive, Indefinite, and Interrogative; Questions -- Participles: first and Second Aorist, present, and Future Active Participle; Genitive Absolute -- The Middle Voice: First and Second Aorist and Future Middle Indicative and Infinitive -- Prepositions with One Case; Demostratives -- The Passive Voice: Present Middle/Passive Indicative and Infinitive; Imperfect Middle/Passive inditive -- The Subjuntcive Mood: Aorist Active and Middle Subjunctive; Present Active and Middle/Passive Subjunctive; Clauses: Hortatory, Deliberative, and Purpose -- Prepositions with Two or Three Cases; Pronouns: Personal and Possessive , Possessive Adjetives -- Contract Verbs in aw and ow; Conjunctions and Adverbs -- Participles: Aorist and Future Middle Participle; Present Middle/Passive Participle -- Verbs ( ) -- Adjetives and Adverbs: Comparatives and Superlatives; Adjectives (Various Declension Patterns) -- The Passive Voice: Aorist and Future Passive Indicative and Infinitive -- Verbs ( ); Aspectually Vague Verbs -- Aorist Passive Subjuntive and Participle; Future Passive Participle; Proper Nouns -- Liquid Verbs: Future and Aorist; Pronouns: Reflexive and Reciprocal -- The Imperative Mood: Present and Aorist Imperative, in All Voices; Prohibitions -- Perfect Active Indicative and Infinitive; Pluperfect Active Indicative -- Perfect Middle/Passive Indicative, and Infinitive; Pluperfect Middle/Passive Indicative -- Perfect Participle, Imperative, and Subjunctive, in All Voices -- Periphrastic and Catenative Constructions -- Conditional Statements; Numerals -- The Optative Mood: Aorist, Present and Future Optative, in All Voices; Brief Syntax of Clauses.
526 _aSEG42
526 _aSEG41
526 _aSEG40
526 _aSEG39
526 _aP94
526 _aP87
526 _aP86
526 _aP85
526 _aP77
526 _aP76
526 _aP35
650 0 4 _aGriego bíblico
_xGramática
_vproblemas, ejercicios, etc.
700 1 _aO'Donnell, Matthew Brook,
_eautor.
700 1 _aReed, Jeffrey T.,
_eautor.
910 _agl
_bjv
_cng
_d20101019
942 _2ddc
_cBOOK
949 _a220.48715 P78W
_wDEWEY
_c1
_i62198
_lCCODEBUL1
_mBUL
_p16.00
_r0
_sY
_tBOOK
_u2015-7-6
_xTEOLOGIA
_zUNKNOWN
_0COMPRA
_o.STAFF. Colección General
994 _aC0
_bPEPRU
596 _a1
999 _a220.48715 P78W
_wDEWEY
_c51273
_i62198
_d51273
_f2021-11-9
_g5
_lCCODEBUL1
_mBUL
_p16.00
_q1
_r0
_sY
_tBOOK
_u2015-7-6
_xTEOLOGIA
_zUNKNOWN
_0COMPRA
_o.STAFF. Colección General
980 _81
_gALBERTO SANCHEZ Responsable de Automatización